Prevencia aterosklerózy výživou

Bibliographic Details
Main Author: Baláž, Vladimír (Author)
Format: Article
Language:Slovak
Subjects:

MARC

LEADER 00000nab a2200000 a 4500
001 vtls000184653
003 SK-MaSNL
005 20260304063518.0
008 250422c1984 xo 0 slo
015 |a SNBRB19rr/mm-uuuuu 
035 |a CL0194766 
035 |a urn:nbn:sk:snk-ab6uzm 
035 |a (uuid)bb9e89a3-59ed-451a-90fd-680e7c44e70f 
035 |a (urnnbn)urn:nbn:sk:snk:ar-a0601q 
035 |a (sysno)vtls000184653 
040 |a SNKBUCL  |b slo  |c SNKBUCL  |e AACR2 
041 0 |a slo 
044 |a xo  |c SK 
080 |a 616.1:613.2  |2 1981 
080 |a 613.2  |2 1981 
100 1 |a Baláž, Vladimír  |4 aut  |9 6765 
245 1 0 |a Prevencia aterosklerózy výživou  |c Vladimír Baláž 
650 0 7 |a ateroskleróza  |2 snkbucl  |9 2428 
650 0 7 |a racionálna výživa  |2 snkbucl  |9 2578 
655 7 |a články z novín a časopisov  |2 snkbucl  |9 267496 
773 0 |t Výživa a zdravie  |g Roč. 29, č. 3 (1984), s. 54-55 
850 |a Slovenská národná knižnica 
852 |a Slovenská národná knižnica 
954 |a odborná, vedecká literatúra pôvodná (slovenská)  |2 lita 
958 |a article27 
958 |a RK 
958 |a MI 
958 |a OND 
958 |a EUIPO 
992 |a RBX 
999 |c 2742921  |d 2744851